LIBRARY & INFORMATION CENTRE, KCAET, TAVANUR

ONLINE PUBLIC ACCESS CATALOGUE (OPAC)

Normal view MARC view
  • Saleekha Shamsudheen

Entry Personal Name

Number of records used in: 1

001 - CONTROL NUMBER

  • control field: 4945

003 - CONTROL NUMBER IDENTIFIER

  • control field: OSt

005 - DATE AND TIME OF LATEST TRANSACTION

  • control field: 20210906120651.0

008 - FIXED-LENGTH DATA ELEMENTS

  • fixed length control field: 210906|| aca||aabn | a|a d

040 ## - CATALOGING SOURCE

  • Original cataloging agency: OSt
  • Transcribing agency: OSt

100 ## - HEADING--PERSONAL NAME

  • Personal name: Saleekha Shamsudheen

670 ## - SOURCE DATA FOUND

  • Source citation: Work cat.: (OSt): Akshitha K Baby 4942, Biodiesel production from waste cooking oil, 2021
free website counter